000 00282nam a22001337a 4500
008 180927b xxu||||| |||| 00| 0 eng d
020 _a9780137573868
041 _aeng
080 _22nd
_a541
100 _a12
101 _aKIM
245 _aChemistry
_cMurry,J
942 _2udc
_cBK
999 _c48551
_d48551